Movie Quotes from the 90's - Statistics

General Stats
  • This quiz has been taken 1,721 times
  • The average score is 8 of 14
Answer Stats
Hint Answer % Correct
Well, Clarice - have the lambs stopped screaming? Silence of the Lambs
88%
Don't ever call me crazy, Alan! Ever! Because everyone in this town has called me crazy ever since I told the cops that you were sucked into a board game. Jumanji
77%
This one time, at band camp... American Pie
76%
My momma always said you can tell a lot about a person by their shoes, where they go, where they've been. Forrest Gump
74%
You know the funny thing is, on the outside, I was an honest man. Straight as an arrow. I had to come to prison to be a crook. The Shawshank Redemption
72%
You know what they call a Quarter Pounder with Cheese in Paris? Pulp Fiction
71%
God creates dinosaurs. God destroys dinosaurs. God creates man. Man destroys God. Man creates dinosaurs. Dinosaurs eat mean. Women inherits the Earth. Jurassic Park
70%
Do not try and bend the spoon. That's impossible. Instead... only try to realize the truth. The Matrix
59%
Are you crying? There's no crying! There's no crying in baseball! A League of Their Own
57%
During high school, I played junior hockey and still hold two league records: most time spent in the penalty box; and I was the only guy to ever take off his skate and try to stab somebody. Happy Gilmore
35%
Wasn't my mom a total Betty? She died when I was young. A freak accident during a routine liposuction. Clueless
34%
This is your life and it's ending one minute at a time. Fight Club
19%
Remember those posters that said, "Today is the first day of the rest of your life"? Well, that's true of every day but one - the day you die. American Beauty
16%
I know you can be overwhelmed, and you can be underwhelmed, but can you ever just be whelmed? 10 Things I Hate About You
12%
No matching quizzes found
Score Distribution
Percent of People with Each Score
Percentile by Number Answered
Your Score History
You have not taken this quiz